[Event "Tournoi Skype 018A"]
[Site "Skype"]
[Date "????.??.??"]
[Round "6.23"]
[White "Coruble, Didier"]
[Black "Cossalter, Maurizio"]
[Result "0-1"]
[WhiteElo "1505"]
[BlackElo "1512"]
[PlyCount "74"]

1. Nf3 d5 2. d4 e6 3. Ne5 Nf6 4. f3 c5 5. c3 cxd4 6. cxd4 Bb4+ 7. Nc3 Qb6 8. e3
Nc6 9. a3 Bd6 10. Bb5 O-O 11. Na4 Qxb5 12. b4 Nxe5 13. dxe5 Bxe5 14. Rb1 b6 15.
Kf2 Bd7 16. Nb2 Qa6 17. a4 Bxb2 18. b5 Qb7 19. Bxb2 Ne8 20. Ba3 Rc8 21. Qd3 g6
22. Bb2 f5 23. h4 Ng7 24. Qd4 Be8 25. h5 gxh5 26. Rh3 Bg6 27. Rg3 f4 28. Rxg6
Rc2+ 29. Kf1 hxg6 30. exf4 Qf7 31. g3 Rfc8 32. g4 R8c4 33. Qe5 Rxf4 34. Qb8+
Kh7 35. gxh5 Rxf3+ 36. Kg1 gxh5 37. Bd4 Qg6+ 0-1

[Event "Tournoi Skype 018A"]
[Site "Skype"]
[Date "????.??.??"]
[Round "7.1"]
[White "Ibarra Cantu, Raul Alberto"]
[Black "Hervais, Adrien"]
[Result "0-1"]
[WhiteElo "2041"]
[BlackElo "2071"]
[PlyCount "104"]

1. e4 d5 2. exd5 Qxd5 3. Nc3 Qd8 4. d4 Nf6 5. Nf3 Bg4 6. Be2 e6 7. O-O Be7 8.
Be3 O-O 9. Ne5 Bxe2 10. Qxe2 Nbd7 11. Rad1 c6 12. Bg5 Nd5 13. Bxe7 Qxe7 14.
Nxd7 Nxc3 15. bxc3 Qxd7 16. c4 Rad8 17. c3 Qc7 18. c5 Rd5 19. f4 Ra8 20. c4 Rd7
21. f5 exf5 22. Rxf5 Re7 23. Re5 Rae8 24. Rxe7 Qxe7 25. Qxe7 Rxe7 26. d5 f6 27.
dxc6 bxc6 28. Rd8+ Kf7 29. Rc8 Re6 30. Rc7+ Kg6 31. Rxa7 Re5 32. Rd7 Rxc5 33.
Rd4 h6 34. Kf2 Ra5 35. Rd2 Ra4 36. Rc2 Kf5 37. Ke3 Ke5 38. Kd3 Ra3+ 39. Kd2 Kd4
40. Kc1 Rc3 41. Rxc3 Kxc3 42. c5 Kc4 43. h4 h5 44. Kd2 Kxc5 45. Kd3 g5 46. g3
gxh4 47. gxh4 Kb4 48. Ke4 c5 49. Kd5 c4 50. Kd4 f5 51. a4 c3 52. Kd3 Kb3 0-1

[Event "Tournoi Skype 018A"]
[Site "Skype"]
[Date "????.??.??"]
[Round "7.2"]
[White "Deville, Olivier"]
[Black "Ayotte, Jocelyn"]
[Result "0-1"]
[WhiteElo "1974"]
[BlackElo "2167"]
[PlyCount "98"]

1. c4 Nf6 2. Nf3 d6 3. d4 g6 4. Nc3 Bg7 5. e4 O-O 6. Be2 e5 7. O-O Nc6 8. d5
Ne7 9. b4 a5 10. bxa5 Rxa5 11. a4 b6 12. Ba3 Ra8 13. Bb4 Nd7 14. a5 bxa5 15.
Bxa5 Rb8 16. Nb5 Nb6 17. Bb4 Bd7 18. Ra7 Nec8 19. Ra6 Nxc4 20. Bxc4 Bxb5 21.
Bxb5 Rxb5 22. Qa4 Rb8 23. Rc1 Bh6 24. Bd2 Bxd2 25. Nxd2 Rb2 26. Nc4 Re2 27. Ne3
Qh4 28. g3 Qf6 29. Rf1 Nb6 30. Qd1 Qf3 31. Ra2 Rxe3 32. fxe3 Qxe3+ 33. Raf2
Qxe4 34. Qc2 Qxc2 35. Rxc2 Nxd5 36. Rd2 Ne7 37. Rc1 Rc8 38. Rb2 Kg7 39. Rb7 Kf6
40. Rbxc7 Rxc7 41. Rxc7 d5 42. Kf2 Ke6 43. Ke2 f5 44. h4 h6 45. h5 gxh5 46. Ra7
Kf6 47. Ra6+ Kg5 48. Re6 Ng6 49. Kd3 f4 0-1

[Event "Tournoi Skype 018A"]
[Site "Skype"]
[Date "????.??.??"]
[Round "7.5"]
[White "Segura Lozano, Marcos Antonio"]
[Black "Rico Hernandez, Edgar"]
[Result "1/2-1/2"]
[WhiteElo "1764"]
[BlackElo "1872"]
[PlyCount "86"]

1. d4 d5 2. c4 e6 3. Nc3 Nf6 4. cxd5 exd5 5. e3 c6 6. Bd3 Bd6 7. Nge2 Nbd7 8.
O-O O-O 9. h3 Re8 10. f4 Nf8 11. Rf3 Bd7 12. Kh2 Ng6 13. Qe1 Qc8 14. Qf1 Bf5
15. Bxf5 Qxf5 16. g4 Qd7 17. Ng3 Qd8 18. Nf5 Bc7 19. Qg2 Ne4 20. Nxe4 Rxe4 21.
g5 Kh8 22. h4 Qd7 23. Qh3 Ree8 24. Bd2 Ne7 25. Nxe7 Qxe7 26. Rg1 Qe4 27. Qg2
Qf5 28. Rg3 Re6 29. Kh1 Rae8 30. Qf3 Qc2 31. Bc1 Qe4 32. Qxe4 Rxe4 33. Rf3 Kg8
34. Rg2 Bd6 35. a3 a6 36. h5 Kh8 37. Kg1 Kg8 38. Kh1 Bc7 39. b4 Bd6 40. Rc2 Bb8
41. Kg2 Bd6 42. Kh3 R8e7 43. Kg4 Re8 1/2-1/2

[Event "Tournoi Skype 018A"]
[Site "Skype"]
[Date "????.??.??"]
[Round "7.6"]
[White "Murgia, Stefano"]
[Black "Dal, Ibrahim"]
[Result "1/2-1/2"]
[WhiteElo "1628"]
[BlackElo "1849"]
[PlyCount "47"]

1. e4 c6 2. d4 d5 3. Nd2 dxe4 4. Nxe4 Nd7 5. Ng5 Ngf6 6. Bc4 e6 7. Qe2 Nb6 8.
Bd3 h6 9. N5f3 c5 10. Be3 Nbd5 11. Ne5 Qa5+ 12. Bd2 Qb6 13. Ngf3 cxd4 14. Bb5+
Bd7 15. Nxd7 Nxd7 16. Ne5 N5f6 17. O-O a6 18. Ba4 Qc7 19. Rfe1 b5 20. Nxf7 Kxf7
21. Qxe6+ Kg6 22. g4 bxa4 23. Qf5+ Kf7 24. Qe6+ 1/2-1/2

[Event "Tournoi Skype 018A"]
[Site "Skype"]
[Date "????.??.??"]
[Round "7.7"]
[White "Jaimes, Fredy"]
[Black "Legueltel, Daniel"]
[Result "1-0"]
[WhiteElo "1826"]
[BlackElo "1823"]
[PlyCount "70"]

1. e4 e5 2. Nf3 Nc6 3. d4 exd4 4. Nxd4 Bc5 5. Be3 Nxd4 6. Bxd4 Qe7 7. Bxg7 Nf6
8. Bxh8 Nxe4 9. Qe2 Nxf2 10. Qxe7+ Kxe7 11. b4 Bb6 12. c4 Nxh1 13. c5 d5 14.
cxb6 axb6 15. Nc3 Be6 16. Bd4 Rg8 17. Ne2 Rg4 18. g3 Bf5 19. Bg2 Be4 20. Bxe4
Rxe4 21. Kf1 h5 22. Re1 h4 23. Kg2 Nxg3 24. hxg3 hxg3 25. Kxg3 Kd6 26. b5 c5
27. bxc6 bxc6 28. Bxb6 c5 29. Kf3 Rb4 30. Bd8 d4 31. Ke4 Ra4 32. Nc1 Rc4 33.
Be7+ Kc6 34. Nd3 Rc2 35. Bxc5 Rxa2 1-0

[Event "Tournoi Skype 018A"]
[Site "Skype"]
[Date "????.??.??"]
[Round "7.8"]
[White "Ricieri, Vinicius"]
[Black "Karia, Vijay"]
[Result "1-0"]
[WhiteElo "1714"]
[BlackElo "1674"]
[PlyCount "69"]

1. e4 d5 2. exd5 Qxd5 3. Nc3 Qa5 4. Nf3 Nf6 5. d4 c6 6. Bc4 Bf5 7. Bd2 Nbd7 8.
Nd5 Qd8 9. O-O Nxd5 10. Nh4 Bg6 11. Nxg6 hxg6 12. Qf3 N7f6 13. Qb3 Qc7 14. h3
e6 15. Bd3 Bd6 16. c4 Bh2+ 17. Kh1 Nf4 18. Bc2 g5 19. Qa3 g4 20. Kxh2 Nxh3+ 21.
g3 Nf4+ 22. Kg1 Ne2+ 23. Kg2 Nxd4 24. Rfc1 Nf3 25. Rh1 Rxh1 26. Rxh1 Rd8 27.
Bf4 Qb6 28. Rh8+ Kd7 29. Qd6+ Kc8 30. c5 Rxh8 31. cxb6 Rh2+ 32. Kf1 Nd5 33.
bxa7 Rh1+ 34. Ke2 Nd4+ 35. Kd3 1-0

[Event "Tournoi Skype 018A"]
[Site "Skype"]
[Date "????.??.??"]
[Round "7.10"]
[White "Rochette, Mathieu"]
[Black "L'Herbon De Lussats, Jean"]
[Result "1-0"]
[WhiteElo "1589"]
[BlackElo "1374"]
[PlyCount "75"]

1. d4 Nf6 2. c4 d5 3. Nf3 e6 4. Bg5 Be7 5. Nc3 c5 6. cxd5 exd5 7. dxc5 Be6 8.
e3 O-O 9. Be2 h6 10. Bh4 Nc6 11. O-O Ne4 12. Bxe7 Nxe7 13. Rc1 Rc8 14. b4 Nc6
15. a3 b6 16. cxb6 Nxc3 17. Rxc3 Qxb6 18. Qc2 d4 19. exd4 Nxd4 20. Nxd4 Qxd4
21. Rxc8 Rxc8 22. Qb1 Qd2 23. Bd3 Rc3 24. Rd1 Qg5 25. Qa1 Rc8 26. Qd4 Bh3 27.
Bf1 Bg4 28. Rd3 Be6 29. Rg3 Rd8 30. Qb2 Rd2 31. Qc3 Rd1 32. Rxg5 hxg5 33. f3 g4
34. Kf2 f5 35. fxg4 f4 36. Bc4 Bd5 37. Bxd5+ Rxd5 38. Qc4 1-0

[Event "Tournoi Skype 018A"]
[Site "Skype"]
[Date "????.??.??"]
[Round "7.11"]
[White "Engstrom, Olle"]
[Black "Trivedi, Viral"]
[Result "1-0"]
[WhiteElo "1809"]
[BlackElo "1587"]
[PlyCount "52"]

1. e4 d5 2. exd5 e6 3. d4 exd5 4. Bd3 Nc6 5. c3 Nf6 6. Bg5 Be7 7. Nf3 h6 8. Bh4
O-O 9. O-O Bd7 10. Nbd2 Re8 11. Re1 Bd6 12. Qc2 Be7 13. b4 a6 14. a4 Ne4 15.
Bxe7 Rxe7 16. Nxe4 dxe4 17. Bxe4 Qc8 18. Nh4 g6 19. Qb3 Kg7 20. Re3 f5 21. Bxc6
Rxe3 22. Bxd7 Qxd7 23. fxe3 Re8 24. Re1 Re4 25. Nf3 Qe7 26. c4 b6 1-0

[Event "Tournoi Skype 018A"]
[Site "Skype"]
[Date "????.??.??"]
[Round "7.12"]
[White "Malbec, Robert"]
[Black "Thoune, Jim"]
[Result "0-1"]
[WhiteElo "1441"]
[BlackElo "1809"]
[PlyCount "110"]

1. e4 g6 2. d4 d6 3. Nf3 Bg7 4. c3 e6 5. Bg5 Ne7 6. Qc1 O-O 7. Bh6 f5 8. Bxg7
Kxg7 9. Bd3 Nbc6 10. Qg5 Qe8 11. Nbd2 a6 12. O-O-O Nd8 13. h4 Nf7 14. Qg3 f4
15. Qxf4 Ne5 16. Qe3 Nxd3+ 17. Qxd3 Bd7 18. Qe3 Qf7 19. Rdf1 Rae8 20. Qg5 Bb5
21. c4 Bc6 22. h5 Kh8 23. h6 Ng8 24. Qg3 Qd7 25. d5 exd5 26. exd5 Bxd5 27. cxd5
Nf6 28. Qg5 Qb5 29. Nd4 Qc5+ 30. Nc2 Re5 31. Qf4 Rf5 32. Qc4 Rxd5 33. Qxc5 Rxc5
34. Re1 Nd5 35. f3 Nb4 36. Kb1 Nxc2 37. Re7 Nd4 38. Rhe1 Nf5 39. Re8 Kg8 40.
Nb3 Rd5 41. Rxf8+ Kxf8 42. Rh1 Ne3 43. Rg1 Rd1+ 44. Rxd1 Nxd1 45. Kc2 Ne3+ 46.
Kd3 Nxg2 47. Ke4 Nh4 48. Nd4 Ke7 49. b3 c6 50. b4 Kf6 51. f4 d5+ 52. Ke3 Nf5+
53. Nxf5 Kxf5 54. a4 g5 55. fxg5 Kxg5 0-1

[Event "Tournoi Skype 018A"]
[Site "Skype"]
[Date "????.??.??"]
[Round "7.15"]
[White "Farthouat, Titoine"]
[Black "Yeter, Orhan"]
[Result "0-1"]
[WhiteElo "1606"]
[BlackElo "1544"]
[PlyCount "126"]

1. e4 c5 2. d3 Nc6 3. Nf3 d6 4. g3 Bg4 5. Bg2 g6 6. O-O Bg7 7. Re1 Nd4 8. Nbd2
e6 9. h3 Bxf3 10. Nxf3 Ne7 11. c3 Nxf3+ 12. Qxf3 Nc6 13. Be3 Qb6 14. Re2 Ne5
15. Qf4 Nxd3 16. Qg5 h6 17. Qg4 Ne5 18. Qh4 g5 19. Qh5 O-O-O 20. Rb1 Qb5 21.
Ree1 Qe8 22. Qd1 f5 23. exf5 exf5 24. Qd2 g4 25. h4 Nf3+ 26. Bxf3 gxf3 27. Bxc5
Qa4 28. b3 Qg4 29. Qe3 dxc5 30. Qxc5+ Kb8 31. Re7 Rc8 32. Qd6+ Ka8 33. Qd7 Rb8
34. Kh2 Bf6 35. Rf7 Bxh4 36. Qxf5 Qxf5 37. Rxf5 Bg5 38. Rxf3 Rbf8 39. Rd3 Rxf2+
40. Kg1 Rxa2 41. Rbd1 a6 42. b4 Rc2 43. Rf3 Rc1 44. Rxc1 Bxc1 45. c4 Rc8 46. c5
Re8 47. Rb3 Re3 48. Rxe3 Bxe3+ 49. Kg2 Bd2 50. Kh3 Bxb4 51. Kh4 Bxc5 52. Kh5
Bf8 53. Kg6 a5 54. Kf7 Bd6 55. g4 a4 56. Kg6 Bf4 57. Kh5 a3 58. Kg6 a2 59. Kf5
Bg5 60. Kg6 a1=Q 61. Kh5 Qh1+ 62. Kg6 Qe4+ 63. Kh5 Qe8# 0-1

[Event "Tournoi Skype 018A"]
[Site "Skype"]
[Date "????.??.??"]
[Round "7.18"]
[White "Aranzubia, Desiderio"]
[Black "Bendre, Pankaj"]
[Result "1-0"]
[WhiteElo "1586"]
[BlackElo "1603"]
[PlyCount "85"]

1. d4 g6 2. c4 Bg7 3. Nc3 c6 4. Bg5 Nf6 5. Qd2 O-O 6. Bh6 d5 7. Bxg7 Kxg7 8.
cxd5 cxd5 9. Nf3 Nbd7 10. Rc1 Nb6 11. b3 a6 12. e3 Qd6 13. Be2 Bg4 14. h3 Bf5
15. Bd3 Be6 16. O-O Nc8 17. Rc2 Qd7 18. Ne5 Qd8 19. Rfc1 Nd6 20. f3 Nf5 21. Ne2
Nh5 22. g4 Nh4 23. Kf2 Nf6 24. Kg3 Nd7 25. Kxh4 Nxe5 26. dxe5 f5 27. exf6+ Rxf6
28. Kg3 Qd6+ 29. f4 Bd7 30. Rc7 e5 31. Rxb7 h5 32. Rcc7 Rf7 33. Bc4 Be6 34.
Rxf7+ Bxf7 35. Qxd5 h4+ 36. Kf3 e4+ 37. Qxe4 Qd1 38. Qd4+ Qxd4 39. Rxf7+ Kh8
40. Nxd4 Rd8 41. Ne6 Rd1 42. Nf8 Rf1+ 43. Ke2 1-0

[Event "Tournoi Skype 018A"]
[Site "Skype"]
[Date "????.??.??"]
[Round "7.19"]
[White "Cossalter, Maurizio"]
[Black "Alvarez, Rafael Andres"]
[Result "0-1"]
[WhiteElo "1512"]
[BlackElo "1600"]
[PlyCount "28"]

1. e4 c6 2. d4 d5 3. exd5 cxd5 4. Bb5+ Nc6 5. Nf3 Bg4 6. Bf4 Qb6 7. Nc3 e6 8.
a3 a6 9. Bxc6+ bxc6 10. Na4 Qb5 11. b3 Nf6 12. c3 Ne4 13. Qe2 Qxb3 14. Nc5
Qxc3+ 0-1

[Event "Tournoi Skype 018A"]
[Site "Skype"]
[Date "????.??.??"]
[Round "7.21"]
[White "Talbot, Jacques"]
[Black "Meaney, Mike"]
[Result "1/2-1/2"]
[WhiteElo "1525"]
[BlackElo "1469"]
[PlyCount "81"]

1. e4 e6 2. d4 d5 3. e5 c6 4. Nf3 Be7 5. Bd3 h6 6. Be3 Qb6 7. b3 Bb4+ 8. Bd2
Be7 9. O-O Nd7 10. Nc3 a6 11. Na4 Qd8 12. c4 Bg5 13. Rc1 Bxd2 14. Qxd2 Ne7 15.
cxd5 Nxd5 16. Nc3 N5b6 17. Ne4 O-O 18. Nd6 Nd5 19. Bb1 b5 20. Rxc6 N7b6 21.
Rfc1 Bd7 22. R6c2 a5 23. Nb7 Qb8 24. Nxa5 Rc8 25. Nc6 Bxc6 26. Rxc6 Qb7 27.
Rxc8+ Rxc8 28. Rxc8+ Qxc8 29. Qc2 Nc3 30. Qh7+ Kf8 31. Qh8+ Ke7 32. Qxc8 Nxc8
33. Bd3 b4 34. Nd2 Nxa2 35. Nb1 Nb6 36. Kf1 Nd5 37. Ke1 Ndc3 38. Nxc3 Nxc3 39.
Kd2 f6 40. f4 f5 41. Kc2 1/2-1/2